000 00930nam a2200277Ia 4500
003 OSt
005 20220918171428.0
006 a|||||r|||| 00| 0
007 ta
008 220917b |||||||| |||| 00| 0 eng d
020 _a9781783300600 (pbk)
_cUKP 59.95
024 _a348,301
037 _bIN24589/18-19, 22/02/2019, Shankar's Book Agency Pvt. Ltd.
_cTextual
040 _aARTS
_cARTS
_beng
041 _2eng
_aeng
082 _a2N7:(Z,2674), Q0;Q6
100 _aSecker Jane Au.
_936513
245 0 _aCopyright and e-learning
_b guide of partitioners
250 _a2nd
260 _aLondon
_bFacet Publishing UK
_c2016
300 _axxxi,270p.
_ccm.
650 _aLIBRARY SCIENCE
700 _a Morrison Chris Au.
_936514
942 _h2N7:(Z,2674), Q0;Q6
_cTEXL
_2CC
999 _c139531
_d139531